Hannah Montana Quiz - Statistics

General Stats
  • This quiz has been taken 952 times
  • The average score is 5 of 15
Answer Stats
Answer % Correct
Who is Mileys god mother? Dolly Parton
69%
What is Mileys horse called? Blue Jeans
65%
Where does Mileys family come from? Tennessee
64%
What is Roxys catch phrase? Roxy like a puma
50%
What snack do Oliver and Jackson accidentally create? Cheese Jerky
42%
Who are Miley and Lilly's enemies? Amber and Ashley
35%
What is Mileys catch phrase Sweet niblets
25%
Who is Mileys date? Jake Ryan
24%
Who guest stars as Mileys mother? Brooke Shields
21%
What is Jacksons girlfriend called? Sienna
18%
What is the name of Jacksons friend in season 1? Cooper
16%
What is Oliver's self-professed nickname? Smokin Oken
12%
Whose party does Miley not take Lilly to? Kelly Clarkson
10%
What is Miley allergic to? Strawberries
4%
Who is Lilly's alter ego? Lola Luftnangle
2%
No matching quizzes found
Score Distribution
Percent of People with Each Score
Percentile by Number Answered
Your Score History
You have not taken this quiz